| 000 | 00000nas##2200000za#4500 |
| 001 | 9.510659 |
| 003 | CaOODSP |
| 005 | 20210305160057 |
| 007 | ta |
| 008 | 150406c1993||||xxc|| p #||||f| |0fre|d |
| 040 | |aCaOODSP|bfre |
| 041 | |aeng |
| 041 | |afre |
| 043 | |an-cn--- |
| 086 | 1 |aYC3-343/10 |
| 110 | 1 |aCanada.|bParlement. |bComité mixte spécial rélatif au projet de loi C-116, Conflits d'intérêts. |
| 245 | 10|aComité mixte spécial rélatif au projet de loi C-116, Conflits d'intérêts, procès-verbaux et témoignages / |cCoprésidents: L'honorable Richard J. Stanbury, Senator; Don Blenkarn, M.P. |
| 260 | |bSénat et Chambre des communes. |
| 310 | |aIrrégulier |
| 362 | 1 |a3e session, 34e législature, 40-42 Élizabeth II, 1991-1993 |
| 546 | |aBilingue |
| 791 | |tSpecial Joint Committee on Bill C-116, Conflict of Interests, minutes of proceedings and evidence / |eeng|w(CaOODSP)9.510658 |